brutal - Olivia Rodrigo (All Lyrics) - Statistics

General Stats
  • This quiz has been taken 3,832 times
  • The average score is 197 of 251
Answer Stats
brutal % Correct
I
100%
a
96%
so
95%
Verse 1 I'm
94%
my
93%
And
92%
and
92%
be
92%
the
92%
me
91%
Of
90%
of
90%
you
90%
like
88%
all
87%
Chorus All
87%
no
87%
where
87%
brutal
86%
hate
86%
in
86%
That
86%
that
86%
who
86%
up
85%
dream?
84%
not
84%
sick
84%
teenage
84%
before
83%
here
83%
if
83%
If
83%
They
83%
fucking
82%
it's
82%
new
82%
out
82%
seventeen
82%
think
82%
start
81%
Where's
81%
die
80%
one
80%
am
79%
drink
79%
I'll
79%
life
79%
likes
79%
try
79%
was
79%
best
78%
can
78%
did
78%
don't
78%
God
78%
hates
78%
more
78%
your
78%
cry
77%
for
77%
gonna
76%
insecure
76%
job
76%
this
76%
This
76%
wish
76%
Cause
75%
might
75%
Quit
75%
time
75%
Enjoy
74%
is
74%
news
73%
someone
73%
tired
73%
youth
73%
caught
72%
tells
72%
disappointed
71%
people
71%
get?
70%
But
69%
say
69%
could
68%
golden
68%
years
68%
Ego
66%
ego
66%
exploited?
66%
are
65%
disappear
65%
myself
65%
even
63%
help
63%
liked
63%
anxious
62%
these
62%
crush
61%
upset
61%
can't
60%
severe
60%
done
59%
nothing
59%
stick
59%
way
59%
kinda
58%
real
58%
smart
58%
thanks
58%
they'd
58%
cool
57%
I'd
57%
to
57%
every
56%
love
56%
friends
55%
have
55%
park
55%
song
54%
only
53%
feel
52%
parallel
52%
two
52%
write
52%
nervous
51%
know
49%
lately
48%
wreck
48%
wants
47%
perceived
45%
broken
43%
Outro Got
43%
heart
42%
Unrelentlessly
38%
No matching quizzes found
Score Distribution
Percent of People with Each Score
Percentile by Number Answered
Your Score History
You have not taken this quiz